| 000 | 00704nam a22002057a 4500 | ||
|---|---|---|---|
| 003 | OSt | ||
| 005 | 20250808083742.0 | ||
| 006 | a | ||
| 008 | 240618b |||||||| |||| 00| 0 eng d | ||
| 020 | _a9786214271177 | ||
| 040 |
_aDWCL-Main lib. _cOC |
||
| 082 | _aFil. 658.15 M382b 2022 | ||
| 100 | _aMatt, Martin | ||
| 245 |
_aBasic financial management : _bin the Philippine setting / _cMartin Matt |
||
| 260 |
_aIntramuros, Manila, Philippines: _bUnlimited Books Library Services & Publishing Inc., _cc2022. |
||
| 300 |
_avi, 571 pages : _billustrations ; _c26cm. |
||
| 504 | _aIncludes appendix and bibliographical references. | ||
| 650 | _a1. Financial Management . | ||
| 942 |
_2ddc _cBK - FIL _kFil. _n0 |
||
| 999 |
_c829 _d829 |
||